00993nam a22002297a 450000500170000000800410001702000180005804100080007604400070008408200170009110000380010824500960014626000620024230000660030450001190037050400420048965000550053165000410058665000580062765000460068570000320073120140402020002.0120514s2011 ck abdo r 00 0 spa d a9789588426280 aspa ack04a333.72bA55q1 aAndrade-Pérez, Germán Ignacio00a¿Qué y dónde conservar?cGermán Ignacio Andrade Pérez y Germán Arturo Corzo Mora aBogotábParques Nacionales Naturales de Colombiac2011. a197 p.bilustraciones, fotos y mapasc22 cm.eMapa CID-028749 aMapa anexo Biomas prioritarios de conservación Anexo al ejemplar 1 - CID-028749 Anexo al ejemplar 2 - CID-028750 aIncluye referencias bibliográficas.14aConservación de los recursos naturaleszColombia24aConservación biológicazColombia24aConservación de la diversidad biológicazColombia24aProtección del medio ambientezColombia1 aCorzo-Mora, Germán Arturo